| 000 | 01634cab a2200229 4500 | ||
|---|---|---|---|
| 001 | ABS44315 | ||
| 008 | 090401t1991 xxu||||| |||| 00| 0 eng d | ||
| 035 | _a(Sirsi) u46546 | ||
| 041 | _aeng | ||
| 245 | _aCambridge CC v SoS Environment and another | ||
| 260 | _c1991 | ||
| 350 | _a0 | ||
| 490 |
_aEstates Gazette _v(1991) 09 EG 119-125(5) |
||
| 520 | _aQBD 11 January 1991. Appeal by Cambridge CC (C) under the Town and Country Planning Act 1971 s246 against the Inspector`s decision (acting on behalf of the SOS Environment) allowing appeals by the owners against two enforcement notices served by C over breaches of planning control over the demolition of two houses. Appeal based on question as to whether the demolition of two houses constituted development . The properties had been purchased by developers of an adjoining office block to provide additional carparking. After temporary planning permission to use the houses as site offices had run out, the developers began to demolish them. Enforcement notices were issued by C. Developers appealed to SOS. The Inspector quashed the notices concluding after consulting several authorities that demolition is not part of a building operation and did not require planning permission. HC held that demolition in this case was a building operation and therefore, demolition constituted development. | ||
| 650 | _aIDDENDEN V SOS FOR THE ENVIRONMENT | ||
| 650 | _aLONDON CC V MARKS AND SPENCERS LTD | ||
| 650 | _aSECTION 246 NOTICES | ||
| 650 | _aTOWN AND COUNTRY PLANNING ACT S289 | ||
| 690 | _aPLANNING LAW AND PRACTICE-CASE LAW | ||
| 942 | _n0 | ||
| 948 | _c04/03/1997 | ||
| 999 |
_c29450 _d29450 |
||